| 000 | 00416nam a2200169Ia 4500 | ||
|---|---|---|---|
| 005 | 20250624025152.0 | ||
| 008 | 240331s9999 xx 000 0 und d | ||
| 020 | _a9559543520 | ||
| 082 |
_bKAR _a328 |
||
| 100 | _aKarunarathne,W | ||
| 245 | 0 | _aPrajathanthravadaya saha sahabagithva sanwardanaya | |
| 260 | _c1998 | ||
| 300 | _a199 p., | ||
| 650 | _aDemocracy | ||
| 650 | _aParticipatory Development | ||
| 942 | _cL | ||
| 999 |
_c5060 _d5060 |
||